Vista normal
Vista MARC
Entrada Materia (personas)
Número de registros utilizados en: 1
001 - CONTROL NUMBER
- control field: 82753
003 - CONTROL NUMBER IDENTIFIER
- control field: Co-BoUCM
005 - DATE AND TIME OF LATEST TRANSACTION
- control field: 20161207094556.0
008 - FIXED-LENGTH DATA ELEMENTS
- fixed length control field: 161207|| aca||aabn | a|a d
040 ## - CATALOGING SOURCE
- Original cataloging agency: Co-BoUCM
- Transcribing agency: Co-BoUCM
100 ## - HEADING--PERSONAL NAME
- Personal name: Ramírez, Pedro Nel
670 ## - SOURCE DATA FOUND
- Source citation: Work cat.: (Co-BoUCM)91518: Bogotá. Alcaldía Mayor. Secretaria de Hacienda. Departamento Administrativo de Planeación 82751, Recorriendo Bogotá D.C., 2004